El derecho a la educación (Record no. 65658)
[ view plain ]
| 000 -CABECERA | |
|---|---|
| campo de control de longitud fija | 00521nam a2200193 a 4500 |
| 005 - FECHA Y HORA DE LA ÚLTIMA TRANSACCIÓN | |
| campo de control | 20210219153005.0 |
| 008 - ELEMENTOS DE LONGITUD FIJA--INFORMACIÓN GENERAL | |
| campo de control de longitud fija | 991125n 000 0 spa u |
| 035 ## - NÚMERO DE CONTROL DEL SISTEMA | |
| Número de control de sistema | UPN01000071663 |
| 100 1# - ASIENTO PRINCIPAL--NOMBRE PERSONAL | |
| Nombre de persona | Alvarez Barret, Luis, |
| Fechas asociadas al nombre | 1901-1981 |
| 222 ## - TÍTULO CLAVE | |
| Título clave | COMUNICACION EDUCATIVA |
| 245 ## - MENCIÓN DE TÍTULO | |
| Título | El derecho a la educación |
| 300 ## - DESCRIPCIÓN FÍSICA | |
| Extensión | 9 |
| 362 0# - FECHAS DE PUBLICACIÓN Y/O DESIGNACIÓN SECUENCIAL | |
| Fecha de publicación y/o designación secuencial | 1981 Año 2, no. 7, may. |
| 653 0# - TERMINO DE INDIZACION - NO CONTROLADO | |
| Término no controlado | ACCESO A LA EDUCACION |
| 653 0# - TERMINO DE INDIZACION - NO CONTROLADO | |
| Término no controlado | DERECHO A LA EDUCACION |
| 653 0# - TERMINO DE INDIZACION - NO CONTROLADO | |
| Término no controlado | MATRICULA ESCOLAR |
| 904 ## - ELEMENTOS DE DATOS D LOCAL, LDD (RLIN) | |
| a | AC |
| b | 009474 |
| 905 ## - TIPO DE MATERIAL | |
| Tipo de material | Articulo |
No items available.
